Ultimate BanG Dream! Quiz — Band Members Edition - Statistics

General Stats
  • This quiz has been taken 16 times
  • The average score is 45 of 59
Answer Stats
Band Instruments Used/Role Answer % Correct
Poppin'Party Gt. Hanazono Tae
100%
MyGO!!!!! Gt. Kaname Raana
100%
Poppin'Party Gt. & Vo. Kasumi Toyama
100%
MyGO!!!!! Ba. Nagasaki Soyo
100%
MyGO!!!!! Vo. Takamatsu Tomori
100%
Poppin'Party Ba. Ushigome Rimi
100%
RAISE A SUILEN Gt. Asahi Rokka
90%
MyGO!!!!! Rhythm Gt. Chihaya Anon
90%
Pastel✽Palettes Gt. Hikawa Hina
90%
Roselia Gt. Hikawa Sayo
90%
Poppin'Party Key. Ichigaya Arisa
90%
Roselia Ba. Imai Lisa
90%
Morƒonica Gt. Kirigaya Touko
90%
Hello, Happy World! Ba. Kitazawa Hagumi
90%
Morƒonica Vo. Kurata Mashiro
90%
Pastel✽Palettes Vo. Maruyama Aya
90%
Hello, Happy World! Dr. Matsubara Kanon
90%
Roselia Vo. Minato Yukina
90%
Ave Mujica Gt. & Vo. Misumi Uika
90%
RAISE A SUILEN Key. Nyubara Reona
90%
Hello, Happy World! DJ Okusawa Misaki
90%
RAISE A SUILEN Dr. Satou Masuki
90%
Hello, Happy World! Gt. Seta Kaoru
90%
MyGO!!!!! Dr. Shiina Taki
90%
Pastel✽Palettes Ba. Shirasagi Chisato
90%
Roselia Key. Shirokane Rinko
90%
RAISE A SUILEN DJ Tamade Chiyu
90%
Ave Mujica Key. Togawa Sakiko
90%
Hello, Happy World! Vo. Tsurumaki Kokoro
90%
Roselia Dr. Udagawa Ako
90%
Ave Mujica Rhythm Gt. Wakaba Mutsumi
90%
Pastel✽Palettes Key. Wakamiya Eve
90%
RAISE A SUILEN Vo. & Ba. Wakana Rei
90%
Poppin'Party Dr. Yamabuki Saaya
90%
Pastel✽Palettes Dr. Yamato Maya
90%
Ave Mujica Dr. Yuutenji Nyamu
90%
Afterglow Gt. Aoba Moca
80%
Morƒonica Dr. Futaba Tsukushi
80%
Afterglow Key. Hazawa Tsugumi
80%
Morƒonica Ba. Hiromachi Nanami
80%
Afterglow Rhythm Gt. & Vo. Mitake Ran
80%
Afterglow Dr. Udagawa Tomoe
80%
Afterglow Ba. Uehara Himari
80%
Ave Mujica Ba. Yahata Umiri
80%
Morƒonica Violin Yashio Rui
80%
Glitter☆Green Gt. & Vo. Ushigome Yuri
60%
sumimi Vo. Sumita Mana
50%
Mugendai Mewtype Key. Fuji Miyako
40%
Mugendai Mewtype Gt. Minetsuki Ritsu
40%
Mugendai Mewtype Gt. Miyanaga Nonoka
40%
Mugendai Mewtype Vo. Nakamachi Arale
40%
Mugendai Mewtype MP (Manipulator) Sengoku Yuno
40%
Glitter☆Green Dr. Nijikki Hinako
30%
CHiSPA Gt. & Vo. Umino Natsuki
30%
Glitter☆Green Ba. Uzawa Rii
30%
Glitter☆Green Key. Wanibe Nanana
30%
CHiSPA Key. Kawabata Mayu
20%
CHiSPA Ba. Mori Fumika
20%
CHiSPA Dr. Taiko Satomi
20%
No matching quizzes found
Score Distribution
Percent of People with Each Score
Percentile by Number Answered
Your Score History
You have not taken this quiz